Máximo Gómez, El Viejo Mambí (Record no. 7641)
[ view plain ]
| 000 -LEADER | |
|---|---|
| campo de control de longitud fija | 00406nam a2200145Ia 4500 |
| 001 - NÚMERO DE CONTROL | |
| campo de control | 2078 |
| 008 - DATOS DE LONGITUD FIJA--INFORMACIÓN GENERAL | |
| campo de control de longitud fija | 241024s9999 xx 000 0 und d |
| 020 ## - NÚMERO INTERNACIONAL ESTÁNDAR DEL LIBRO | |
| Número Internacional Estándar del Libro | 978-9945-8791-0-0 |
| 082 ## - NÚMERO DE LA CLASIFICACIÓN DECIMAL DEWEY | |
| Número de clasificación | RD/923.55/AL454m |
| 100 ## - ENTRADA PRINCIPAL--NOMBRE DE PERSONA | |
| Nombre de persona | Mercedes Alonso Romero |
| 245 #0 - MENCIÓN DEL TÍTULO | |
| Título | Máximo Gómez, El Viejo Mambí |
| 260 ## - PUBLICACIÓN, DISTRIBUCIÓN, ETC. | |
| Nombre del editor, distribuidor, etc. | Ed. Casa de Cultura Latinoamericana y Caribeña |
| Fecha de publicación, distribución, etc. | 2011 |
| 901 ## - ELEMENTOS DE DATOS A LOCAL LDA (RLIN) | |
| a | 13/1/2012 3:31:35 p.m. |
No items available.